000 00361nam a22001337a 4500
082 _a658.4032
_bCPM
100 _aUS Army Engineer School.
_944681
245 _aCPM network development,
260 _aVirgina:
_bUS Army Engineer School.
_cc1972
300 _a79 p,;
_c19cm
526 _a0
_b0
_c0
_d658_403200000000000_CPM
650 _aMCE
_9379
942 _2ddc
_cBK
999 _c548398
_d548398